LIBRARY & INFORMATION CENTRE, KCAET, TAVANUR

ONLINE PUBLIC ACCESS CATALOGUE (OPAC)

Agricultural statistics in India / (Record no. 3265)

MARC details
000 -LEADER
fixed length control field 00529cam a2200205ua 4500
020 ## - INTERNATIONAL STANDARD BOOK NUMBER
ISBN 81-7169-036-X
041 ## - LANGUAGE CODE
Language code of text/sound track or separate title eng
082 ## - DEWEY DECIMAL CLASSIFICATION NUMBER
Classification number 519.506354
Item number ASH/AG
100 ## - MAIN ENTRY--AUTHOR NAME
Personal name Asha, Chaddha .
245 ## - TITLE STATEMENT
Title Agricultural statistics in India /
250 ## - EDITION STATEMENT
Edition statement 1 /
260 ## - PUBLICATION, DISTRIBUTION, ETC. (IMPRINT)
Place of publication New Delhi :
Name of publisher Commonwealth Publishers ,
Year of publication 1990.
300 ## - PHYSICAL DESCRIPTION
Number of Pages 243 ; .
500 ## - GENERAL NOTE
General note *CSS
942 ## - ADDED ENTRY ELEMENTS (KOHA)
Koha item type Books
Holdings
Withdrawn status Lost status Damaged status Home library Current library Date acquired Full call number Accession Number Koha item type
      KAUAET KAUAET 07/04/2012 519.506354 ASH/AG 19726 Books
      KAUAET KAUAET 07/04/2012 519.506354 ASH/AG 19622 Books
free website counter